000 00694nam a2200217 i 4500
001 77291
003 ES-MaACL
005 20250804082042.0
007 t|
008 041007s1981 sp ||||1| spa d
100 1 _aHamilton, A. G.
_961653
245 1 0 _aLógica para matemáticos /
_cA.G. Hamilton ; [traducido por Mario Rodríguez Artalejo].
260 _aMadrid :
_bParaninfo,
_c1981.
300 _a243 p. ;
_c22 cm.
490 1 _aLógica y teoría de la ciencia
650 7 _aLógica matemática
_2embne
_914697
700 1 _aRodríguez Artalejo, Mario.
_998355
830 0 _aLógica y teoría de la ciencia
_9181546
852 _aES-MaACL
_jL-791
_bR.101428
999 _c77291
_d77291